• 首页
  • 本馆介绍
  • 公告通知
  • 最新文献
  • 馆藏检索
  • 电子资源
  • 读者导购
  • 参考咨询
  • 我的图书馆
  • 登录
  • 详细信息显示
  • 放入我的书架
  • 预约/预借图书
  • 作者相关作品
  • 分类相关作品
  • 丛书相关作品
  • 出版社相关作品

书目信息

  • 表格格式
  • 工作单格式
  • 卡片格式
题名:
全国统考试题及典型答案
    
 
作者: ;李润斋 译 ;情报处理试验研究会 编
分册:  
出版信息: 北京   电子工业出版社  1985.4
页数: 129页
开本: 21cm
丛书名:
单 册:
中图分类: TP31-49
科图分类:
主题词: 软件
电子资源:
ISBN:
000 00867nam0 2200217 45
001 0405131587
005 20060425164132.85
010    @dCNY0.90
091    @a15290.111
100    @a20040513d1985 km y0chiy0120 ea
101 0  @achi@cjpn
200 1  @a全国统考试题及典型答案@AQuan Guo Tong Kao Shi Ti Ji Dian Xing Da An@e1982年日本初级信息(软件)处理技术人员@E1982 Nian Ri Ben Chu Ji Xin Xi(Ruan Jian)Chu Li Ji Shu Ren Yuan@f(日)情报处理试验研究会编@F(Ri)Qing Bao Chu Li Shi Yan Yan Jiu Hui Bian@g李润斋译
210    @a北京@c电子工业出版社@d1985.4
215    @a129页@c表格@d21cm
517    @a1982年日本初级信息(软件)处理技术人员@A1982 Nian Ri Ben Chu Ji Xin Xi(Ruan Jian)Chu Li Ji Shu Ren Yuan
606 0  @a软件
690    @aTP31-49@v3
702  0 @a李润斋@ALi Run Zhai@4译
711 02 @a情报处理试验研究会@4编
801    @aCN@bPftUser@c20060425
905    @dTP31-49@e166
    
    全国统考试题及典型答案:1982年日本初级信息(软件)处理技术人员/(日)情报处理试验研究会编/李润斋译.-北京:电子工业出版社,1985.4
    129页:表格;21cm
    
    
    ISBN :CNY0.90
    
●
相关链接 在E读中查询图书 在五车中查询图书 在当当中查询图书 在豆瓣中查询图书


正题名:全国统考试题及典型答案     索取号:TP31-49/166         预约/预借

序号 登录号 条形码 馆藏地/架位号 状态 备注
1 0152217   001336487   第三借阅区/ [索取号:TP31-49/166] 在馆    
2 0152218   001334782   第二样本阅览室/ [索取号:TP31-49/166] 在馆    
3 0152219   202273681   密集书库/ [索取号:TP31-49/166] 在馆    
唐山师范学院图书馆 欢迎您!
大连网信软件有限公司© 版权所有